| 000 | 00924nam a2200241 i 4500 | ||
|---|---|---|---|
| 001 | 141420 | ||
| 003 | ES-MaACL | ||
| 005 | 20250808053335.0 | ||
| 007 | t| | ||
| 008 | 070924s1936 fr ||||1| fre d | ||
| 100 | 1 |
_aVillat, Louis. _9115163 |
|
| 245 | 1 | 3 |
_aLa Revolution et l'Empire (1789-1815). _nI, _pLes assemblées révolutionnaires (1789-1799) / _cpar Louis Villat ; avant-propós de S. Charléty. |
| 260 |
_aParis : _bPresses Universitaires de France, _c1936. |
||
| 300 |
_a1 v. (LXVIII, 421 p.) ; _c20 cm. |
||
| 490 | 1 |
_aClio, introduction aux études historiques ; _v8 |
|
| 650 | 4 |
_a _9241183 |
|
| 651 | 0 |
_aFrancia- _xHistoria- _y1789-1799, Revolución _9241176 |
|
| 651 | 7 |
_aFrancia- _xHistoria- _y1789-1815 _2 _9163994 |
|
| 700 | 1 |
_aCharléty, Sébastien. _938084 |
|
| 830 | 1 |
_aClio, introduction aux études historiques ; _v8 _9189992 |
|
| 852 |
_aES-MaACL _jD-6135 |
||
| 999 |
_c141420 _d141420 |
||